Adobe Photoshop 5.5

Bibliographic Details
Format: Book
Language:English
Published: San Jose, California : Adobe System , c1999
Edition:Wed Edition
Series:Classroom in a book
Subjects:

MARC

LEADER 00000cam a2200000 7i4500
001 0000009867
005 20230515.0
008 020226 cau eng
020 |a 020165895X (pbk) 
040 |a INS 
090 0 0 |a T385   |b .A35827 1999 
245 0 0 |a Adobe Photoshop 5.5 
250 |a Wed Edition 
260 |a San Jose, California :   |b Adobe System ,   |c c1999 
300 |a x, 567 p. :   |b ill. ;   |c 24 cm. +.   |e 1 computer optical disc (4 3/4 in.) 
440 0 |a Classroom in a book 
500 |a Includes index 
650 0 |a Adobe photoshop 
650 0 |a Computer graphics 
999 |a 0000008944   |b BOOK   |c Open Shelf   |e Default branch